000 00790nam a22002177a 4500
005 20180904125457.0
010 _a1718EN-30 B-688360-375 ENG-124098
020 _a9789384067557
_c299.00
035 _aB-688360-375 EN-107630
037 _bAakar
_adpl
037 _bDBAD/PUB.
082 _a799.2774428
100 _aCorbett, Jim
245 _aMan- eaters of kumaon /
_cby Jim Corbett
260 _aNew Delhi
_bAleph Book
_c2017
270 _a7/16, Ansari Road, Darya Ganj,
_bNew Delhi
_e110002
300 _axxii,198p.
_c21cm(Hb)
700 _aillu.by Bhat, Anoop
942 _2ddc
_cEN
_mCOR
_h799.2774428
999 _c145735
_d145735